<?xml version="1.0" encoding="UTF-8"?>
<record
    xmlns:xsi="http://www.w3.org/2001/XMLSchema-instance"
    xsi:schemaLocation="http://www.loc.gov/MARC21/slim http://www.loc.gov/standards/marcxml/schema/MARC21slim.xsd"
    xmlns="http://www.loc.gov/MARC21/slim">

  <leader>01179nam a22002537a 4500</leader>
  <controlfield tag="005">20170124103127.0</controlfield>
  <datafield tag="010" ind1=" " ind2=" ">
    <subfield code="a">B-246006</subfield>
  </datafield>
  <datafield tag="020" ind1=" " ind2=" ">
    <subfield code="c">150.00</subfield>
    <subfield code="a">8190310291</subfield>
  </datafield>
  <datafield tag="035" ind1=" " ind2=" ">
    <subfield code="a">B-246006</subfield>
  </datafield>
  <datafield tag="037" ind1=" " ind2=" ">
    <subfield code="b">Cen Lib/Ret</subfield>
  </datafield>
  <datafield tag="040" ind1=" " ind2=" ">
    <subfield code="a">DPL</subfield>
    <subfield code="b">HN</subfield>
  </datafield>
  <datafield tag="082" ind1=" " ind2=" ">
    <subfield code="a">305.562</subfield>
    <subfield code="b">&#x915;&#x930;&#x94D;&#x926;&#x92E; </subfield>
  </datafield>
  <datafield tag="100" ind1=" " ind2=" ">
    <subfield code="a">&#x915;&#x930;&#x94D;&#x926;&#x92E;, &#x91C;&#x92F;&#x92A;&#x94D;&#x930;&#x915;&#x93E;&#x936; </subfield>
    <subfield code="9">83594</subfield>
  </datafield>
  <datafield tag="245" ind1=" " ind2=" ">
    <subfield code="a">&#x939;&#x93F;&#x902;&#x926;&#x941;&#x924;&#x94D;&#x935; &#x914;&#x930; &#x926;&#x932;&#x93F;&#x924; :</subfield>
    <subfield code="c">&#x91C;&#x92F;&#x92A;&#x94D;&#x930;&#x915;&#x93E;&#x936; &#x915;&#x930;&#x94D;&#x926;&#x92E;</subfield>
    <subfield code="b">&#x915;&#x941;&#x91B; &#x92A;&#x94D;&#x930;&#x936;&#x94D;&#x928;-&#x915;&#x941;&#x91B; &#x935;&#x93F;&#x91A;&#x93E;&#x930; /</subfield>
  </datafield>
  <datafield tag="246" ind1=" " ind2=" ">
    <subfield code="a">Hindutv aur dalit : kuch prashn-kuch vichar /</subfield>
    <subfield code="b">by Jayprakash Kardam </subfield>
  </datafield>
  <datafield tag="260" ind1=" " ind2=" ">
    <subfield code="b">&#x938;&#x93E;&#x917;&#x930; &#x92A;&#x94D;&#x930;&#x915;&#x93E;&#x936;&#x928; </subfield>
    <subfield code="a">&#x926;&#x93F;&#x932;&#x94D;&#x932;&#x940; </subfield>
    <subfield code="c">2007</subfield>
  </datafield>
  <datafield tag="270" ind1=" " ind2=" ">
    <subfield code="b">&#x926;&#x93F;&#x932;&#x94D;&#x932;&#x940; </subfield>
    <subfield code="e">110032</subfield>
    <subfield code="a">77&#x938;&#x940;/52/1, &#x92E;&#x941;&#x915;&#x947;&#x936; &#x928;&#x917;&#x930;, &#x936;&#x93E;&#x939;&#x926;&#x930;&#x93E; </subfield>
  </datafield>
  <datafield tag="300" ind1=" " ind2=" ">
    <subfield code="a">136&#x92A;&#x943;. </subfield>
    <subfield code="c">20&#x938;&#x947;&#x92E;&#x940;(&#x938;&#x91C;&#x93F;&#x932;&#x94D;&#x926;)</subfield>
  </datafield>
  <datafield tag="650" ind1=" " ind2=" ">
    <subfield code="a">&#x926;&#x932;&#x93F;&#x924; &#x909;&#x924;&#x94D;&#x92A;&#x940;&#x921;&#x93C;&#x928; -- &#x906;&#x927;&#x93E;&#x930; &#x91C;&#x93E;&#x924;&#x93F; </subfield>
    <subfield code="9">83595</subfield>
  </datafield>
  <datafield tag="650" ind1=" " ind2=" ">
    <subfield code="a">&#x926;&#x932;&#x93F;&#x924; &#x935;&#x93F;&#x92E;&#x930;&#x94D;&#x936; &#x92C;&#x928;&#x93E;&#x92E; &#x917;&#x93E;&#x902;&#x927;&#x940; </subfield>
    <subfield code="9">83596</subfield>
  </datafield>
  <datafield tag="650" ind1=" " ind2=" ">
    <subfield code="a">Dalit oppression - based race</subfield>
    <subfield code="9">83597</subfield>
  </datafield>
  <datafield tag="650" ind1=" " ind2=" ">
    <subfield code="a">Dalit exchanged vs Gandhi</subfield>
    <subfield code="9">83598</subfield>
  </datafield>
  <datafield tag="942" ind1=" " ind2=" ">
    <subfield code="2">ddc</subfield>
    <subfield code="c">HN</subfield>
    <subfield code="h">305.562</subfield>
    <subfield code="m">&#x915;&#x930;&#x94D;&#x926;&#x92E; </subfield>
  </datafield>
  <datafield tag="999" ind1=" " ind2=" ">
    <subfield code="c">119153</subfield>
    <subfield code="d">119153</subfield>
  </datafield>
  <datafield tag="952" ind1=" " ind2=" ">
    <subfield code="0">0</subfield>
    <subfield code="1">0</subfield>
    <subfield code="4">0</subfield>
    <subfield code="7">0</subfield>
    <subfield code="a">L</subfield>
    <subfield code="b">L</subfield>
    <subfield code="d">2015-09-15</subfield>
    <subfield code="e">Cen Lib/Ret</subfield>
    <subfield code="g">150.00</subfield>
    <subfield code="l">1</subfield>
    <subfield code="o">305.562 &#x915;&#x930;&#x94D;&#x926;&#x92E;</subfield>
    <subfield code="p">B-246006</subfield>
    <subfield code="r">2018-07-05 00:00:00</subfield>
    <subfield code="s">2018-06-22</subfield>
    <subfield code="t">1</subfield>
    <subfield code="v">150.00</subfield>
    <subfield code="w">2015-09-15</subfield>
    <subfield code="y">HN</subfield>
  </datafield>
</record>
